| 000 | 00682nam a2200169Ia 4500 | ||
|---|---|---|---|
| 008 | 130821s1993 gt gr spa | ||
| 040 |
_aCo-BoUCM _bspa |
||
| 041 | 0 | 0 | _aspa |
| 110 | 1 |
_aGuatemala. _bCorte de Constitucionalidad |
|
| 245 | 1 | 3 |
_aEl caso de Bélice sentencia y voto razonado en contra _cCorte de Constitucionalidad |
| 260 |
_aCiudad de Guatemala (Guatemala) _bTalleres gráficos Serviprensa _c1993 |
||
| 300 | _a44 páginas | ||
| 651 | 7 |
_aGran Bretaña _bRelaciones internacionales _zGuatemala _926626 |
|
| 651 | 7 |
_aGuatemala _bRelaciones internacionales _zGran Bretaña _926992 |
|
| 942 |
_cLIBRO _a6 _e1 _mC677 _2DEWEY _h327.7281 |
||
| 999 |
_c61956 _d61956 |
||